000 00475nam a2200169Ia 4500
008 210210b1983 xxu||||| |||| 00| 0 eng d
082 _a294.503 WALH
100 _aWALKER (Benjamin).
245 _aHindu world: an encyclopedic survey of hinduism. Vol I A-L. Ed 1.
250 _a
260 _aNew Delhi.
_bMunshiram Manoharlal Publishers Pvt Ltd.,
_c1983
300 _axiii,609
440 _a1
650 _aHindu Wncyclopedic
690 _aHinduism
906 _a037173
999 _c87607
_d87607